[Event "Casino op 3rd"]
[Site "Velden"]
[Date "1995.??.??"]
[Round "2"]
[White "Schnider, Gert"]
[Black "Zajicek, Wolfgang"]
[Result "1/2-1/2"]
[WhiteElo "1905"]
[BlackElo "1601"]
[PlyCount "93"]
[EventDate "1995.06.30"]
[EventType "swiss"]
[EventRounds "9"]
[EventCountry "AUT"]
[SourceTitle "EXT 2022"]
[Source "ChessBase"]
[SourceDate "2021.10.06"]
[SourceVersion "1"]
[SourceVersionDate "2021.10.06"]
[SourceQuality "1"]

1. e4 e6 2. d4 d5 3. Nd2 c5 4. c3 Nc6 5. Ne2 cxd4 6. cxd4 Bb4 7. e5 Nge7 8. a3 Bxd2+ 9. Qxd2 0-0 10. b4 Nf5 11. Bb2 Bd7 12. Ng3 Nfe7 13. Bd3 Ng6 14. Bc2 Nce7 15. h4 f5 16. h5 Nh8 17. Ne2 Nf7 18. f4 Nh6 19. Qd3 a6 20. Nc3 Nc8 21. a4 Nb6 22. b5 Nc4 23. Ba3 Rf7 24. Bb3 axb5 25. Bb4 b6 26. Ke2 Qe8 27. Nxb5 Bxb5 28. axb5 Rc8 29. Ba4 Rfc7 30. Qb1 Ng4 31. Rh3 Qf7 32. Bb3 Qe8 33. Ba4 Qf7 34. Be1 Qe8 35. Qb3 Qf7 36. Rc1 Qe7 37. Qb4 Qf7 38. Rcc3 Ra7 39. Bb3 Rac7 40. Bxc4 Rxc4 41. Rxc4 Rxc4 42. Qb2 Qe8 43. Bd2 h6 44. Bc3 Kh7 45. Qb3 Qa8 46. Rh1 Qc8 47. Rh3 1/2-1/2

[Event "Casino op 3rd"]
[Site "Velden"]
[Date "1995.??.??"]
[Round "1"]
[White "Zajicek, Wolfgang"]
[Black "Starc, Christian"]
[Result "0-1"]
[WhiteElo "1601"]
[BlackElo "2103"]
[PlyCount "100"]
[EventDate "1995.06.30"]
[EventType "swiss"]
[EventRounds "9"]
[EventCountry "AUT"]
[SourceTitle "EXT 2022"]
[Source "ChessBase"]
[SourceDate "2021.10.06"]
[SourceVersion "1"]
[SourceVersionDate "2021.10.06"]
[SourceQuality "1"]

1. d4 f5 2. c4 Nf6 3. Nc3 g6 4. Nf3 Bg7 5. g3 0-0 6. Bg2 d6 7. 0-0 Nc6 8. Re1 Rb8 9. e3 a6 10. d5 Ne5 11. Nxe5 dxe5 12. Rb1 g5 13. f4 gxf4 14. exf4 e4 15. Be3 Qe8 16. Bd4 e6 17. Be5 Rf7 18. Bh3 b5 19. Bf1 exd5 20. Nxd5 Nxd5 21. Bxg7 Rxg7 22. Qxd5+ Be6 23. Qe5 bxc4 24. Rec1 Re7 25. Qc3 Qc6 26. Bxc4 Qb6+ 27. Kg2 Rd8 28. Bxe6+ Qxe6 29. Qc4 Rd2+ 30. Kh3 Kf8 31. Qc6 Qg6 32. Qxg6 hxg6 33. Kh4 Rxh2+ 34. Kg5 Kf7 35. Rh1 Rxh1 36. Rxh1 Kg7 37. b4 e3 38. a4 e2 39. Re1 Re3 40. Kh4 Kf6 41. Kh3 Ke6 42. Kg2 Kd5 43. Kf2 Re4 44. b5 a5 45. Rxe2 Rxe2+ 46. Kxe2 Kc4 47. Ke3 Kb4 48. Kd4 Kxa4 49. Kc5 Kb3 50. Kc6 Kb4 0-1

[Event "Casino op 3rd"]
[Site "Velden"]
[Date "1995.??.??"]
[Round "9"]
[White "Zajicek, Wolfgang"]
[Black "Starzacher, Christian"]
[Result "1/2-1/2"]
[WhiteElo "1601"]
[BlackElo "1733"]
[PlyCount "38"]
[EventDate "1995.06.30"]
[EventType "swiss"]
[EventRounds "9"]
[EventCountry "AUT"]
[SourceTitle "EXT 2022"]
[Source "ChessBase"]
[SourceDate "2021.10.06"]
[SourceVersion "1"]
[SourceVersionDate "2021.10.06"]
[SourceQuality "1"]

1. d4 c6 2. c4 d5 3. cxd5 cxd5 4. Nc3 e6 5. Nf3 Bd6 6. e3 Ne7 7. Bd3 0-0 8. 0-0 Ng6 9. Bxg6 hxg6 10. h3 Nd7 11. Re1 Nf6 12. a3 Ne4 13. Ne5 Qh4 14. Qc2 Bxe5 15. dxe5 Bd7 16. Nxe4 dxe4 17. Bd2 Bc6 18. Bc3 g5 19. Qe2 a6 1/2-1/2